[Event "Tournoi Skype 031B"]
[Site "Skype"]
[Date "????.??.??"]
[Round "1.1"]
[White "Castillo, David"]
[Black "Pandey, Dharmendra Kumar"]
[Result "0-1"]
[WhiteElo "1449"]
[BlackElo "1099"]
[PlyCount "56"]

1. d4 d5 2. Nf3 Bf5 3. e3 e6 4. Bd3 Bxd3 5. Qxd3 c6 6. Nbd2 Bd6 7. e4 dxe4 8.
Nxe4 Nf6 9. Nxd6+ Qxd6 10. h3 h6 11. Bd2 Nbd7 12. Qe3 Nd5 13. Qe2 O-O 14. Ne5
b5 15. a3 Rfe8 16. O-O a5 17. Nxd7 Qxd7 18. c4 bxc4 19. Qxc4 Nb6 20. Qd3 Red8
21. Rad1 Qxd4 22. Qxd4 Rxd4 23. Be3 Rxd1 24. Rxd1 Nc4 25. Bc1 Rb8 26. b4 axb4
27. axb4 Rxb4 28. Ba3 Nxa3 0-1

[Event "Tournoi Skype 031B"]
[Site "Skype"]
[Date "????.??.??"]
[Round "1.2"]
[White "Lecluyse, Koenraad"]
[Black "Farfallini, Michel"]
[Result "0-1"]
[WhiteElo "1096"]
[BlackElo "1446"]
[PlyCount "30"]

1. d4 d5 2. Nf3 Bf5 3. Bf4 e6 4. e3 Bd6 5. Ne5 f6 6. Nc4 Bxf4 7. exf4 Nc6 8. c3
Qe7 9. Nbd2 dxc4 10. Bxc4 e5 11. fxe5 fxe5 12. dxe5 Nxe5 13. Be2 Nd3+ 14. Kf1
O-O-O 15. Qc2 Qc5 0-1

[Event "Tournoi Skype 031B"]
[Site "Skype"]
[Date "????.??.??"]
[Round "1.3"]
[White "Perez Fermin, Jose"]
[Black "Koohnavard, Neda"]
[Result "1/2-1/2"]
[WhiteElo "1417"]
[BlackElo "1094"]
[PlyCount "126"]

1. e4 e5 2. Nf3 Nc6 3. d4 exd4 4. Nxd4 Nxd4 5. Qxd4 d6 6. Be2 Be6 7. c4 Nf6 8.
Nc3 Be7 9. O-O O-O 10. Kh1 Re8 11. f4 c6 12. f5 Bd7 13. Bf4 c5 14. Qd3 Bc6 15.
Rad1 Qc7 16. Qg3 Kh8 17. Bf3 Rg8 18. Bxd6 Bxd6 19. Qxd6 Qxd6 20. Rxd6 Rgd8 21.
Rfd1 Rxd6 22. Rxd6 Re8 23. Rd2 g6 24. Re2 gxf5 25. exf5 Bxf3 26. Rxe8+ Nxe8 27.
gxf3 f6 28. b3 Nd6 29. Ne4 Nxf5 30. Nxc5 b6 31. Ne4 Kg7 32. Kg1 Kg6 33. Kf2 h5
34. h3 Nd4 35. Nd6 f5 36. Nc8 Nc6 37. f4 h4 38. Ke3 Kf6 39. a3 a6 40. a4 Ke6
41. Nxb6 Kd6 42. Kd3 Kc5 43. Nc8 Kb4 44. Kc2 Nd4+ 45. Kd3 Nxb3 46. Nd6 Kxa4 47.
Kc3 a5 48. Nxf5 Nc5 49. Nxh4 Ne4+ 50. Kb2 Kb4 51. f5 Kxc4 52. Ng6 Kb4 53. h4
Nf6 54. Ne7 a4 55. Nc6+ Kb5 56. Nd4+ Kb4 57. Nc2+ Kb5 58. Ka3 Ka5 59. Nd4 Nh5
60. Nc6+ Kb5 61. Nb8 Nf6 62. h5 Nxh5 63. Nd7 Ng7 1/2-1/2

[Event "Tournoi Skype 031B"]
[Site "Skype"]
[Date "????.??.??"]
[Round "1.5"]
[White "Scata, Laura"]
[Black "Torres, Vicky"]
[Result "0-1"]
[WhiteElo "1370"]
[BlackElo "1091"]
[PlyCount "78"]

1. d4 Nf6 2. Nf3 d5 3. Bf4 e6 4. e3 Bd6 5. Bxd6 Qxd6 6. Bd3 O-O 7. O-O Nc6 8.
c3 e5 9. dxe5 Nxe5 10. Nxe5 Qxe5 11. Nd2 Bf5 12. Nf3 Qe6 13. Nd4 Qe5 14. Bxf5
c5 15. f4 Qxe3+ 16. Kh1 cxd4 17. cxd4 Ne4 18. Bxe4 Qxe4 19. Rc1 Rac8 20. Rxc8
Rxc8 21. Qg4 f5 22. Qf3 Qxd4 23. h3 g6 24. Kh2 Re8 25. Rd1 Qe4 26. Qxe4 dxe4
27. Rd7 Rb8 28. Kg1 a6 29. a4 b5 30. a5 h5 31. Rd6 Kg7 32. Rxa6 Rd8 33. Rb6
Rd1+ 34. Kh2 e3 35. a6 e2 36. a7 e1=Q 37. a8=Q Qg1+ 38. Kg3 Rd3+ 39. Kh4 Qf2+
0-1

[Event "Tournoi Skype 031B"]
[Site "Skype"]
[Date "????.??.??"]
[Round "1.6"]
[White "Montilla Bejarano, Mey"]
[Black "Roy, Shambhu Kumar"]
[Result "0-1"]
[WhiteElo "1088"]
[BlackElo "1341"]
[PlyCount "62"]

1. d4 Nf6 2. c4 e6 3. a3 d5 4. cxd5 exd5 5. Nc3 Be7 6. Nf3 O-O 7. h3 Nbd7 8. g4
h6 9. g5 hxg5 10. Bxg5 Ne4 11. Be3 Ndf6 12. Rg1 Bf5 13. Bh6 Bg6 14. Be3 c6 15.
Ne5 Kh7 16. Nxg6 fxg6 17. f3 Nxc3 18. bxc3 Qe8 19. Qd3 Nh5 20. Rg4 Rf5 21.
O-O-O Bxa3+ 22. Kc2 Qf7 23. Bg2 Bd6 24. Rg1 Bh2 25. Rf1 Bf4 26. Bf2 Re8 27. Bh1
Re6 28. e4 dxe4 29. fxe4 Ra5 30. Rfg1 Ra2+ 31. Kd1 Rd2+ 0-1

[Event "Tournoi Skype 031B"]
[Site "Skype"]
[Date "????.??.??"]
[Round "1.7"]
[White "Luna Perez Vico, Lorenzo"]
[Black "Mfengu, Daluthando"]
[Result "1-0"]
[WhiteElo "1341"]
[BlackElo "1082"]
[PlyCount "89"]

1. e4 e5 2. Nf3 Nc6 3. d4 Bb4+ 4. c3 Bd6 5. dxe5 Nxe5 6. Nxe5 Bxe5 7. Be2 Nf6
8. Bf3 O-O 9. O-O c6 10. Be3 d5 11. exd5 cxd5 12. Bd4 Bxd4 13. Qxd4 Be6 14. Nd2
Qb6 15. Qxb6 axb6 16. Nb3 Bg4 17. Bxg4 Nxg4 18. Nd4 Ne5 19. Rfd1 Nc4 20. b3 Ne5
21. h3 Nc6 22. Kf1 g6 23. Nb5 Rad8 24. Nc7 Ne7 25. Nb5 f5 26. Nd4 Nc6 27. Ne6
Rd7 28. Nxf8 Kxf8 29. Rd2 Ke7 30. Re1+ Kf6 31. f4 d4 32. cxd4 Nxd4 33. Red1 Ke6
34. Rxd4 Rxd4 35. Rxd4 b5 36. Ke2 h6 37. Rb4 Kd5 38. Rxb5+ Kc6 39. Re5 Kd6 40.
Ke3 g5 41. Rxf5 Ke6 42. g4 gxf4+ 43. Kxf4 b6 44. Rh5 Kf6 45. Rxh6+ 1-0

[Event "Tournoi Skype 031B"]
[Site "Skype"]
[Date "????.??.??"]
[Round "1.8"]
[White "Bland, Marilyn"]
[Black "Duthoit, Bernard"]
[Result "0-1"]
[WhiteElo "1077"]
[BlackElo "1320"]
[PlyCount "90"]

1. d4 e5 2. e4 Nc6 3. c3 Nf6 4. Bd3 exd4 5. cxd4 Nxd4 6. Nf3 Nxf3+ 7. gxf3 Bb4+
8. Ke2 d5 9. e5 Nh5 10. a3 Ba5 11. Qa4+ c6 12. f4 Qh4 13. Qxa5 Nxf4+ 14. Bxf4
Qxf4 15. Qc7 O-O 16. Nd2 Bg4+ 17. f3 Bc8 18. Rac1 d4 19. Rc4 Qe3+ 20. Kd1 Qxd3
21. Rf1 Re8 22. Qd6 Bh3 23. Rxd4 Qe3 24. Re4 Qg5 25. Qd3 Bxf1 26. Qxf1 Rad8 27.
Qe2 Rxe5 28. Rxe5 Qg1+ 29. Qe1 Qxe1+ 30. Rxe1 f5 31. f4 Rd4 32. Re7 b5 33. Rxa7
b4 34. axb4 Rxb4 35. Ra8+ Kf7 36. b3 Rxf4 37. Ra7+ Kf6 38. Ke2 Rh4 39. Nf3 Rh3
40. Ke3 g5 41. Kf2 g4 42. Ng1 Rxh2+ 43. Kf1 h5 44. Ra6 Rc2 45. Ne2 h4 0-1

[Event "Tournoi Skype 031B"]
[Site "Skype"]
[Date "????.??.??"]
[Round "1.9"]
[White "Prieto Umba, Jairo Ovidio"]
[Black "Franco Flores, Ximena"]
[Result "0-1"]
[WhiteElo "1317"]
[BlackElo "1074"]
[PlyCount "130"]

1. d4 Nf6 2. c4 g6 3. Bf4 d6 4. Nf3 Bg7 5. Nc3 Nbd7 6. h3 O-O 7. Bh2 Re8 8. e4
e5 9. d5 c6 10. Bd3 cxd5 11. cxd5 Nc5 12. Bc2 a5 13. b3 b6 14. O-O Ba6 15. Re1
Qc7 16. a4 Nh5 17. Qd2 Nf4 18. Rab1 Bh6 19. Bxf4 Bxf4 20. Qd1 Rab8 21. b4 axb4
22. Rxb4 Nd7 23. Qa1 Rec8 24. Rb3 Nc5 25. Ra3 Nd3 26. Rd1 Nb4 27. Bb1 b5 28. g3
Bh6 29. axb5 Bxb5 30. Nxb5 Rxb5 31. h4 Nc2 32. Bxc2 Qxc2 33. Ra2 Qxe4 34. Kg2
Qf5 35. Ra8 Rbb8 36. Rxb8 Rxb8 37. Qa7 Rf8 38. Qc7 e4 39. Nd4 Qxd5 40. Qc2 e3+
41. Kf1 exf2 42. Kxf2 Bg7 43. Nc6 Qe6 44. Re1 Qf6+ 45. Kg2 Kh8 46. Ne7 Qd4 47.
Re4 Qc5 48. Rc4 Qb6 49. Nc8 Qb7+ 50. Kh2 d5 51. Rc7 Qb2 52. Qxb2 Bxb2 53. Kg2
d4 54. Kf3 Kg7 55. Nb6 Re8 56. Nc4 Bc3 57. Rc5 d3 58. Rd5 d2 59. Nxd2 Bxd2 60.
Rxd2 h6 61. Re2 Rf8 62. Re7 Kf6 63. Re2 g5 64. h5 Rg8 65. g4 Kg7 0-1

[Event "Tournoi Skype 031B"]
[Site "Skype"]
[Date "????.??.??"]
[Round "1.10"]
[White "Baker, Abi"]
[Black "Ponz Lazaro, Ruperto"]
[Result "1-0"]
[WhiteElo "1067"]
[BlackElo "1312"]
[PlyCount "71"]

1. c4 e6 2. Nc3 Nf6 3. g3 Nc6 4. Bg2 Be7 5. Qc2 O-O 6. d3 b6 7. Bf4 a6 8. O-O-O
Bb7 9. Qd2 Ra7 10. h4 h6 11. h5 Bc5 12. Rh4 Bxf2 13. Bxh6 gxh6 14. Qxh6 Be3+
15. Qxe3 Kh7 16. Be4+ Nxe4 17. Rxe4 f5 18. Rh4 Rg8 19. Nh3 Qf6 20. h6 Nd4 21.
Rxd4 Rg6 22. Rxd7+ Kh8 23. Rxc7 Qd8 24. Rg7 Rxg7 25. hxg7+ Kxg7 26. Qxe6 Bc8
27. Qe5+ Kf7 28. e4 Re7 29. Ng5+ Kg6 30. Qf4 Re8 31. exf5+ Bxf5 32. g4 Bxd3 33.
Nd5 Rf8 34. Ne6 Rxf4 35. Nxd8 Bxc4 36. Nxf4+ 1-0

[Event "Tournoi Skype 031B"]
[Site "Skype"]
[Date "????.??.??"]
[Round "1.11"]
[White "Hoyos Lozano, Denis"]
[Black "Wildt, Gerti"]
[Result "0-1"]
[WhiteElo "1311"]
[BlackElo "1067"]
[PlyCount "70"]

1. e4 e5 2. f4 exf4 3. Nf3 d6 4. Bc4 h6 5. O-O Be7 6. d4 Nf6 7. Re1 O-O 8. e5
dxe5 9. dxe5 Qxd1 10. Rxd1 Nfd7 11. Bxf4 Nc5 12. Nc3 Nc6 13. a3 Be6 14. Ba2
Rad8 15. b4 Rxd1+ 16. Nxd1 Ne4 17. Be3 b6 18. Bxe6 fxe6 19. Nf2 Nxf2 20. Kxf2
Nxe5 21. Ke2 Nc4 22. c3 Nxe3 23. Kxe3 Bg5+ 24. Ke2 Bf6 25. Rc1 e5 26. Rc2 e4
27. Nd4 Bxd4 28. cxd4 Rf7 29. Ke3 Re7 30. d5 Kf7 31. Rc6 h5 32. h4 a6 33. Kf4
e3 34. Re6 e2 35. Kf3 e1=Q 0-1

[Event "Tournoi Skype 031B"]
[Site "Skype"]
[Date "????.??.??"]
[Round "1.13"]
[White "Hargez, Dany"]
[Black "Hernandez Lopez, Joaquin"]
[Result "1-0"]
[WhiteElo "1296"]
[BlackElo "1066"]
[PlyCount "51"]

1. e4 e5 2. Nf3 Nc6 3. Bc4 Nf6 4. Nc3 Bc5 5. d4 exd4 6. Nd5 Nxe4 7. Qe2 f5 8.
Bg5 Be7 9. Nxe7 Nxe7 10. O-O d5 11. Bb3 Be6 12. Nxd4 Qd7 13. Bxe7 Qxe7 14. Qb5+
c6 15. Qe2 O-O-O 16. f3 Ng5 17. Rfe1 Rhe8 18. Ba4 Qf6 19. Bxc6 Qxd4+ 20. Kh1
Bd7 21. Bxd7+ Kxd7 22. Qb5+ Kc7 23. Rxe8 Rd6 24. Re7+ Kc8 25. Qxb7+ Kd8 26.
Qc7# 1-0

[Event "Tournoi Skype 031B"]
[Site "Skype"]
[Date "????.??.??"]
[Round "1.14"]
[White "Maccaferri, Massimo"]
[Black "De Coninck, Philippe"]
[Result "0-1"]
[WhiteElo "1052"]
[BlackElo "1290"]
[PlyCount "30"]

1. e4 c6 2. d4 d5 3. exd5 cxd5 4. Nc3 e6 5. h4 Nf6 6. Bg5 Nbd7 7. Bb5 a6 8. Be2
Bb4 9. Nf3 Qc7 10. Ne5 Nxe5 11. dxe5 Ne4 12. Bd2 Nxd2 13. Kxd2 d4 14. a3 Bxc3+
15. bxc3 Qxc3+ 0-1

[Event "Tournoi Skype 031B"]
[Site "Skype"]
[Date "????.??.??"]
[Round "1.15"]
[White "Moumtaz, Abderrahim"]
[Black "Schuh, David"]
[Result "1-0"]
[WhiteElo "1279"]
[BlackElo "1052"]
[PlyCount "101"]

1. d4 Nf6 2. c4 g6 3. e4 Nxe4 4. Bd3 Nf6 5. Nf3 Bg7 6. Nc3 O-O 7. O-O Nc6 8.
Bf4 d6 9. Qd2 Re8 10. Rfe1 a6 11. a3 b5 12. cxb5 axb5 13. Nxb5 Ba6 14. Rac1 Qd7
15. Bc4 Rab8 16. a4 e6 17. Bh6 Ng4 18. Bxg7 Kxg7 19. h3 Nf6 20. Ng5 d5 21. Bb3
Bxb5 22. axb5 Rxb5 23. Qc2 Nxd4 24. Qxc7 Qxc7 25. Rxc7 Rf8 26. Bd1 Rxb2 27. Bg4
Nc2 28. Rc1 Nxg4 29. Nxe6+ Kf6 30. Nxf8 Nd4 31. hxg4 Ne2+ 32. Kf1 Nxc1 33. Rxc1
d4 34. Rd1 Ke5 35. Nxh7 Ke4 36. Ng5+ Kf4 37. Nxf7 Rb4 38. g5 Ke4 39. Re1+ Kd3
40. Rc1 Kd2 41. Re1 Rb2 42. Re2+ Kc3 43. Rxb2 Kxb2 44. Ke2 Kc3 45. Ne5 Kc2 46.
Nd3 Kc3 47. f4 Kc4 48. f5 gxf5 49. g6 f4 50. g7 f3+ 51. gxf3 1-0

[Event "Tournoi Skype 031B"]
[Site "Skype"]
[Date "????.??.??"]
[Round "1.16"]
[White "Hernandez, Enrique"]
[Black "Codina, Teresa"]
[Result "1-0"]
[WhiteElo "1051"]
[BlackElo "1274"]
[PlyCount "85"]

1. d4 d5 2. c4 e6 3. c5 Nf6 4. Bg5 Be7 5. Bxf6 Bxf6 6. e3 Nc6 7. Bb5 O-O 8.
Bxc6 bxc6 9. Nf3 Ba6 10. Nc3 Rb8 11. Qa4 Bb5 12. Nxb5 cxb5 13. Qb4 c6 14. O-O
a5 15. Qe1 b4 16. e4 dxe4 17. Qxe4 h6 18. Qxc6 Bxd4 19. Rad1 Bxf2+ 20. Kxf2 Qf6
21. b3 Qb2+ 22. Rd2 Qf6 23. Kg1 Qc3 24. Rdf2 Rbc8 25. Qe4 Qxc5 26. Ne5 f6 27.
Nd7 Qc6 28. Qxc6 Rxc6 29. Nxf8 Kxf8 30. h3 Ke7 31. Kh2 e5 32. Re1 g5 33. Rff1
h5 34. Rc1 Rc3 35. Rxc3 bxc3 36. Rc1 f5 37. Rxc3 e4 38. Rc5 Kf6 39. Rxa5 f4 40.
Kg1 e3 41. Kf1 g4 42. hxg4 hxg4 43. Ke2 1-0

[Event "Tournoi Skype 031B"]
[Site "Skype"]
[Date "????.??.??"]
[Round "1.17"]
[White "Fedeli, Emma"]
[Black "Tolaro, Filippa"]
[Result "1-0"]
[WhiteElo "1273"]
[BlackElo "1048"]
[PlyCount "67"]

1. c4 c6 2. Nc3 d5 3. cxd5 cxd5 4. d4 Nf6 5. g3 Bf5 6. Bg2 e6 7. Bg5 Nbd7 8. e3
h6 9. Bxf6 Nxf6 10. Nf3 Bd6 11. O-O Bg4 12. Rc1 Rc8 13. Qa4+ Qd7 14. Nb5 O-O
15. Qb3 a6 16. Ne5 axb5 17. Rc3 Rxc3 18. Qxc3 Ne4 19. Bxe4 Bh3 20. Bg2 Bxg2 21.
Kxg2 Qd8 22. Rc1 Kh7 23. Qc7 f6 24. Qxd8 Rxd8 25. Nd3 e5 26. dxe5 fxe5 27. Nxe5
Re8 28. f4 g5 29. Rd1 Rc8 30. Rxd5 Rc2+ 31. Kf3 Rxb2 32. f5 Rc2 33. f6 Rc8 34.
Ng6 1-0

[Event "Tournoi Skype 031B"]
[Site "Skype"]
[Date "????.??.??"]
[Round "1.18"]
[White "Ibanez, Bittor"]
[Black "Cengiz, Ali Ekber"]
[Result "0-1"]
[WhiteElo "1047"]
[BlackElo "1266"]
[PlyCount "57"]

1. e4 e5 2. Nf3 Nc6 3. Bc4 h6 4. O-O Nf6 5. c3 Be7 6. d4 exd4 7. e5 Nh7 8. cxd4
O-O 9. Nc3 d6 10. exd6 Bxd6 11. Ne4 Ne7 12. Nxd6 cxd6 13. b3 d5 14. Be2 Nf5 15.
Ne5 Nd6 16. a4 Bf5 17. Ba3 Nf6 18. Bb5 a6 19. Bd3 Nfe4 20. Rc1 Rc8 21. Rxc8
Qxc8 22. Bxd6 Nxd6 23. Bxf5 Nxf5 24. Qf3 Nxd4 25. Qxd5 Ne6 26. Nc4 Rd8 27. Nd6
Qc7 28. Qxb7 Qxd6 29. h4 0-1

[Event "Tournoi Skype 031B"]
[Site "Skype"]
[Date "????.??.??"]
[Round "1.19"]
[White "Bucherie, Volcy"]
[Black "Latterra, Jeremias"]
[Result "1/2-1/2"]
[WhiteElo "1264"]
[BlackElo "1047"]
[PlyCount "109"]

1. d4 Nf6 2. c4 e6 3. d5 Be7 4. Nc3 c6 5. e4 Bb4 6. Bd2 exd5 7. exd5 Bxc3 8.
Bxc3 Qe7+ 9. Ne2 cxd5 10. cxd5 d6 11. g3 Qe4 12. Rg1 Qxd5 13. Bg2 Qxd1+ 14.
Rxd1 Nc6 15. Rxd6 O-O 16. Nd4 Re8+ 17. Kd2 Bg4 18. h3 Rad8 19. Rxd8 Rxd8 20.
hxg4 Nxd4 21. Bxd4 Rxd4+ 22. Ke3 Rxg4 23. Bxb7 Rb4 24. Rd1 Kf8 25. Rd8+ Ke7 26.
Ra8 Rxb7 27. b3 Nd5+ 28. Kd4 Nb6 29. Rh8 Rd7+ 30. Ke5 Rd5+ 31. Ke4 f5+ 32. Kf4
h6 33. Rh7 Rd2 34. Rxg7+ Kf6 35. Rxa7 Rxf2+ 36. Ke3 Rb2 37. Ra6 Kg5 38. Rxb6 h5
39. Kf3 Rxa2 40. Rb4 Ra1 41. Kf2 Ra2+ 42. Kf3 Ra1 43. Rb8 Rf1+ 44. Kg2 Rb1 45.
Rg8+ Kf6 46. Rf8+ Ke5 47. Kf3 Rxb3+ 48. Kf2 Ke4 49. Rh8 Rb2+ 50. Kg1 Kf3 51.
Rxh5 Rg2+ 52. Kf1 Rxg3 53. Rxf5+ Kg4 54. Kf2 Kxf5 55. Kxg3 1/2-1/2

[Event "Tournoi Skype 031B"]
[Site "Skype"]
[Date "????.??.??"]
[Round "1.20"]
[White "Chamorro Cajina, Ivan Antonio"]
[Black "Raut, Suryakant"]
[Result "0-1"]
[WhiteElo "1045"]
[BlackElo "1249"]
[PlyCount "92"]

1. Nf3 Nc6 2. d4 d5 3. Nc3 Bf5 4. e3 Nb4 5. Bd3 Nxd3+ 6. cxd3 c6 7. O-O Nf6 8.
Re1 e6 9. Nd2 Bxd3 10. Nb3 Bg6 11. Nc5 Bxc5 12. dxc5 O-O 13. f3 Qc7 14. e4 dxe4
15. fxe4 Rad8 16. Qf3 Bh5 17. Qg3 Qxg3 18. hxg3 Rd3 19. Be3 Ng4 20. Bf4 e5 21.
Rad1 Rxd1 22. Rxd1 exf4 23. gxf4 b6 24. Rd7 bxc5 25. Rc7 g6 26. Rxc6 Rb8 27. b3
Rb4 28. Rxc5 Rd4 29. Kf1 Ne3+ 30. Kf2 Nd1+ 31. Nxd1 Rxd1 32. Rc8+ Kg7 33. Ra8
Rd2+ 34. Kg3 Rxa2 35. b4 Be2 36. Kf2 Bb5+ 37. Ke3 a6 38. Kd4 Rxg2 39. Kc5 h5
40. Rb8 h4 41. Rxb5 axb5 42. Kxb5 h3 43. Ka5 h2 44. b5 h1=Q 45. b6 Ra2+ 46. Kb5
Qxe4 0-1

[Event "Tournoi Skype 031B"]
[Site "Skype"]
[Date "????.??.??"]
[Round "1.22"]
[White "De Souza, Edinei"]
[Black "Hernandez Monzon, Alejandro"]
[Result "0-1"]
[WhiteElo "1036"]
[BlackElo "1240"]
[PlyCount "66"]

1. d4 d5 2. h3 b6 3. e3 Nc6 4. Bb5 Bb7 5. Bxc6+ Bxc6 6. Nf3 f6 7. c3 e6 8. Nh4
Ne7 9. Qh5+ g6 10. Qf3 Bg7 11. Nd2 Qd6 12. Qe2 Bb7 13. a3 O-O-O 14. b4 e5 15.
Nhf3 exd4 16. Nxd4 Kb8 17. Bb2 Nc6 18. N2b3 Rhe8 19. O-O f5 20. Nc5 bxc5 21.
Nb5 Qd7 22. a4 cxb4 23. cxb4 f4 24. Qd2 f3 25. Bxg7 Qxg7 26. g4 h5 27. g5 d4
28. exd4 Nxd4 29. Nxd4 Rxd4 30. Qc3 Qd7 31. Rfe1 Rd8 32. b5 Qxh3 33. b6 Qg2#
0-1

[Event "Tournoi Skype 031B"]
[Site "Skype"]
[Date "????.??.??"]
[Round "1.23"]
[White "Moraga Vasquez, Michael"]
[Black "Schnell, Nicolas"]
[Result "1-0"]
[WhiteElo "1236"]
[BlackElo "1035"]
[PlyCount "73"]

1. e4 e5 2. Nf3 Nc6 3. Bb5 Nf6 4. d3 d5 5. Nxe5 Be6 6. Nxc6 bxc6 7. Bxc6+ Bd7
8. Bxa8 Qxa8 9. exd5 Qxd5 10. O-O Ng4 11. h3 Bc6 12. Qxg4 f5 13. Qf3 Qe6 14.
Qe3 Be4 15. dxe4 Bd6 16. exf5 Bh2+ 17. Kxh2 Qxe3 18. Bxe3 O-O 19. Nc3 Rxf5 20.
Bxa7 h5 21. Rad1 h4 22. Rd7 Rf7 23. Rxf7 Kxf7 24. Re1 g5 25. Nd5 c6 26. Ne7 c5
27. Bxc5 Kf6 28. a4 g4 29. a5 Kg5 30. a6 g3+ 31. fxg3 hxg3+ 32. Kxg3 Kh5 33. a7
Kg5 34. a8=Q Kf6 35. Qf8+ Kg5 36. Nf5 Kh5 37. Qf7+ 1-0

[Event "Tournoi Skype 031B"]
[Site "Skype"]
[Date "????.??.??"]
[Round "1.24"]
[White "Adamson, Chris"]
[Black "Battaglia, Gabriele"]
[Result "1-0"]
[WhiteElo "1034"]
[BlackElo "1228"]
[PlyCount "55"]

1. e4 c5 2. d4 cxd4 3. c3 dxc3 4. Nxc3 Nc6 5. Bf4 d6 6. Nf3 g6 7. Bb5 a6 8.
Bxc6+ bxc6 9. Qd4 e5 10. Nxe5 dxe5 11. Qxd8+ Kxd8 12. Bxe5 f6 13. Rd1+ Ke8 14.
Bc7 Bb7 15. e5 Rc8 16. Bd6 Bg7 17. e6 f5 18. Na4 Rd8 19. O-O Nf6 20. Rfe1 Ne4
21. Bb4 Bc8 22. e7 Rd7 23. Nb6 Rb7 24. f3 Ng5 25. Rd8+ Kf7 26. Rxh8 Bxh8 27.
e8=Q+ Kg7 28. Bc3+ 1-0

[Event "Tournoi Skype 031B"]
[Site "Skype"]
[Date "????.??.??"]
[Round "1.25"]
[White "Fouques Duparc, Paulin"]
[Black "Gerbaux, Regis"]
[Result "1-0"]
[WhiteElo "1228"]
[BlackElo "1024"]
[PlyCount "55"]

1. e4 c6 2. Nf3 d5 3. Nc3 Bg4 4. h3 Bh5 5. Be2 Nf6 6. exd5 cxd5 7. d4 Nc6 8.
Bf4 e6 9. a3 Bd6 10. Qd2 Bg6 11. Bg5 Be7 12. O-O-O h6 13. Bh4 Ne4 14. Bxe7 Qxe7
15. Nxe4 Bxe4 16. Rhg1 O-O-O 17. Ne5 Nxe5 18. dxe5 Rhf8 19. Qa5 Kb8 20. Rd4
Qg5+ 21. Qd2 Qxe5 22. Rb4 Rc8 23. Bd3 Rfd8 24. Re1 a5 25. Ra4 Bxd3 26. Rxe5
Rxc2+ 27. Qxc2 Bxc2 28. Kxc2 1-0

[Event "Tournoi Skype 031B"]
[Site "Skype"]
[Date "????.??.??"]
[Round "1.27"]
[White "Rodriguez, Nathalie"]
[Black "Hernandez, Ivan"]
[Result "1-0"]
[WhiteElo "1224"]
[BlackElo "1016"]
[PlyCount "93"]

1. d4 d5 2. Bf4 Nc6 3. Nc3 e5 4. Bg3 e4 5. e3 a6 6. Nh3 Bxh3 7. gxh3 Nf6 8. Be2
Be7 9. a3 O-O 10. Na4 b5 11. Nc5 Bxc5 12. dxc5 d4 13. exd4 Qxd4 14. O-O Qxc5
15. Bxc7 e3 16. Bd6 exf2+ 17. Rxf2 Qg5+ 18. Rg2 Qe3+ 19. Kh1 Rad8 20. Rg3 Qe4+
21. Bf3 Qd4 22. Bxc6 Qxd1+ 23. Rxd1 Rxd6 24. Rxd6 h5 25. Rxf6 h4 26. Rg4 Rd8
27. Rf2 Rd1+ 28. Kg2 f5 29. Rxh4 Kf7 30. Rxf5+ Ke6 31. Rhf4 Rd2+ 32. Kf3 Rxc2
33. Bd5+ Kd6 34. Bb7 Rxb2 35. Bxa6 Rb3+ 36. Ke4 Rxa3 37. Rd5+ Kc6 38. Bxb5+ Kb6
39. Be8 Rxh3 40. Rb5+ Ka6 41. Ke5 Re3+ 42. Kf5 Rxe8 43. Rb1 Rf8+ 44. Ke5 Re8+
45. Kf5 Rf8+ 46. Kg4 Rf6 47. Ra4# 1-0

[Event "Tournoi Skype 031B"]
[Site "Skype"]
[Date "????.??.??"]
[Round "1.28"]
[White "Grib, Jessica"]
[Black "Le Bouill, Pierre"]
[Result "0-1"]
[WhiteElo "1012"]
[BlackElo "1223"]
[PlyCount "56"]

1. e4 d6 2. d4 c6 3. Nf3 g6 4. Bc4 Bg7 5. d5 c5 6. Bb5+ Bd7 7. Qd3 a6 8. c4
axb5 9. cxb5 Qa5+ 10. Nc3 Qc7 11. O-O Nf6 12. h3 O-O 13. Re1 e6 14. e5 dxe5 15.
Nxe5 Nxd5 16. Nxd5 exd5 17. Qxd5 Bxe5 18. Rxe5 Be6 19. Qe4 Re8 20. Bh6 Nd7 21.
Rg5 Nf6 22. Qh4 Bf5 23. g4 Bd3 24. a4 Re6 25. b3 Rae8 26. f3 b6 27. Qf2 Re2 28.
Qf1 Qh2# 0-1

[Event "Tournoi Skype 031B"]
[Site "Skype"]
[Date "????.??.??"]
[Round "1.29"]
[White "Parrales, Rodolfo"]
[Black "Jacinto Sebastian, Carlos Ivan"]
[Result "1-0"]
[WhiteElo "1220"]
[BlackElo "1003"]
[PlyCount "39"]

1. e4 c5 2. c3 Nc6 3. d4 cxd4 4. cxd4 e5 5. d5 Qa5+ 6. Bd2 Nb4 7. a3 Nf6 8. Nc3
Qb6 9. axb4 Qd4 10. Nf3 Qxb4 11. Qc2 Bc5 12. Nb5 Bxf2+ 13. Kxf2 Ng4+ 14. Ke1
O-O 15. Bxb4 Ne3 16. Qc3 Nxd5 17. exd5 Re8 18. Nc7 e4 19. Nxe8 b6 20. Qxg7# 1-0

[Event "Tournoi Skype 031B"]
[Site "Skype"]
[Date "????.??.??"]
[Round "1.30"]
[White "Achicanoy, Yolanda"]
[Black "Gomez Caballero, Blas"]
[Result "1-0"]
[WhiteElo "1000"]
[BlackElo "1215"]
[PlyCount "75"]

1. e4 e5 2. Bc4 d6 3. d3 h6 4. Nf3 Bg4 5. h3 Bxf3 6. Qxf3 f6 7. Qh5+ Kd7 8.
Qf7+ Be7 9. Bb5+ Kc8 10. Qxg7 Qf8 11. Qg4+ Kd8 12. Be3 a6 13. Ba4 b5 14. Bb3
Nc6 15. Bd5 Nd4 16. Bxd4 exd4 17. Bc6 f5 18. exf5 Nf6 19. Qf4 Rb8 20. O-O d5
21. Re1 Rb6 22. Ba8 Bb4 23. Re2 Bc5 24. Nd2 Rg8 25. g3 Kd7 26. Bxd5 Nxd5 27.
Qe5 Qd6 28. Qe4 Nf4 29. Ree1 Nxh3+ 30. Kf1 Ng5 31. Qh4 Nf3 32. Nxf3 Bb4 33. Re4
Re8 34. Rxd4 Rc6 35. Rxd6+ Bxd6 36. Qxh6 Rxc2 37. Qh7+ Kc6 38. Nd4+ 1-0

[Event "Tournoi Skype 031B"]
[Site "Skype"]
[Date "????.??.??"]
[Round "1.31"]
[White "Huerta Lopez, Cesar Rogelio"]
[Black "Alcaraz Acosta, Luisa Montserrat"]
[Result "1-0"]
[WhiteElo "1207"]
[BlackElo "1000"]
[PlyCount "53"]

1. c4 e6 2. Nc3 d5 3. cxd5 exd5 4. d4 b6 5. Nf3 h6 6. e3 Bb7 7. Bb5+ c6 8. Bd3
Nd7 9. O-O g6 10. Re1 Ne7 11. e4 Bg7 12. exd5 cxd5 13. Nb5 O-O 14. Be3 a6 15.
Nc3 b5 16. Qd2 Nb6 17. Bxh6 Nf5 18. Bxg7 Kxg7 19. Qf4 Qd7 20. Rac1 Rh8 21. Ne5
Qd8 22. Bxf5 Kf8 23. Nxg6+ Kg7 24. Nxh8 Kxh8 25. Qh6+ Kg8 26. Qh7+ Kf8 27. Qh8#
1-0

[Event "Tournoi Skype 031B"]
[Site "Skype"]
[Date "????.??.??"]
[Round "1.32"]
[White "Alverson, Ginny"]
[Black "Conde, Carmen"]
[Result "0-1"]
[WhiteElo "1000"]
[BlackElo "1206"]
[PlyCount "62"]

1. Nf3 Nf6 2. d4 d6 3. e3 g6 4. Bd3 Bg7 5. O-O Bd7 6. a3 Bc6 7. Nbd2 Nbd7 8. c4
b6 9. d5 Bb7 10. Ne4 O-O 11. Bd2 Nxe4 12. Bxe4 Bxb2 13. Rb1 Bg7 14. Qc2 a5 15.
Bc3 Bxc3 16. Qxc3 Rc8 17. Qd3 Nc5 18. Qd4 e6 19. dxe6 Nxe6 20. Qd3 Nc5 21. Qc2
Bxe4 22. Qd1 Bxb1 23. Qxb1 d5 24. Ne5 Qd6 25. Nd3 dxc4 26. Nxc5 Qxc5 27. Rd1
Rcd8 28. Re1 Rd3 29. e4 Rfd8 30. e5 Rd2 31. Qb4 Qxf2+ 0-1

[Event "Tournoi Skype 031B"]
[Site "Skype"]
[Date "????.??.??"]
[Round "1.33"]
[White "Rodriguez Tovar, Liliana"]
[Black "Baratta, Giuseppe"]
[Result "1-0"]
[WhiteElo "1204"]
[BlackElo "1000"]
[PlyCount "74"]

1. Nf3 Nc6 2. e3 a6 3. b3 e5 4. d3 g6 5. Bb2 Bg7 6. Nc3 Nf6 7. g3 O-O 8. Bg2 d6
9. O-O Bg4 10. Ne2 Bxf3 11. Bxf3 e4 12. dxe4 Ne5 13. Bg2 Re8 14. c4 c5 15. h3
b5 16. Qc2 bxc4 17. bxc4 Rb8 18. f4 Nc6 19. a3 d5 20. cxd5 Ne7 21. Rfd1 Nd7 22.
Bxg7 Kxg7 23. d6 Nc6 24. e5 Re6 25. Bxc6 Nf8 26. Qxc5 Rb6 27. Nd4 Nd7 28. Nxe6+
fxe6 29. Bxd7 Qxd7 30. Qxb6 Qf7 31. Qc7 Qxc7 32. dxc7 Kh6 33. c8=Q a5 34. Qxe6
Kh5 35. Qg4+ Kh6 36. Qh4+ Kg7 37. Rd7+ Kf8 1-0

[Event "Tournoi Skype 031B"]
[Site "Skype"]
[Date "????.??.??"]
[Round "1.35"]
[White "Ruiz Gomez, Luz Alba"]
[Black "Bolanos Ocampo, Sandra"]
[Result "0-1"]
[WhiteElo "1201"]
[BlackElo "1000"]
[PlyCount "52"]

1. d4 d5 2. Bf4 Nf6 3. e3 e6 4. Nd2 Bd6 5. b3 Nc6 6. Bb5 a6 7. Bxc6+ bxc6 8.
Bg3 Bb7 9. Ngf3 Ne4 10. O-O O-O 11. c4 Nxg3 12. hxg3 Re8 13. Rc1 e5 14. dxe5
Be7 15. Nd4 c5 16. Nf5 Bg5 17. e4 Rxe5 18. f4 Bxf4 19. Rxf4 dxe4 20. Qg4 g6 21.
Nh6+ Kg7 22. Nxf7 Qxd2 23. Rd1 Qxa2 24. Nxe5 e3 25. Rf7+ Kg8 26. Qh4 Qxg2# 0-1